Kandydaci na Prezydenta RP w 2025 roku - Statystyki

Ogólne statystyki
  • Ten quiz został rozwiązany 171 razy
    116 od ostatniego zresetowania
  • Średni wynik to 11 z 22
Statystyki odpowiedzi
Partia Kandydat % Poprawnych
Platforma Obywatelska Rafał Trzaskowski
99%
Konfederacja Sławomir Mentzen
97%
Prawo i Sprawiedliwość Karol Nawrocki
96%
Nowa Lewica Magdalena Biejat
91%
Polska 2050 Szymon Hołownia
90%
Konfederacja Korony Polskiej Grzegorz Braun
88%
Kanał Zero (nie partia) Krzysztof Stanowski
84%
Razem Adrian Zandberg
81%
bezpartyjny Joanna Senyszyn
73%
Kukiz'15 Marek Jakubiak
71%
Bezpartyjni Samorządowcy Marek Woch
69%
Ruch Dobrobytu i Pokoju Maciej Maciak
62%
Polska Platforma Bezpieczeństwa Wewnętrznego Artur Bartoszewicz
42%
Polska Liberalna StrajkPrzedsiębiorców Paweł Tanajno
18%
bezpartyjny Katarzyna Cichos
4%
Samoobrona Aldona Anna Skirgiełło
3%
Związek Alternatywa Piotr Szumlewicz
3%
bezpartyjny Dawid Jackiewicz
2%
Ruch Naprawy Polski Romuald Starosielec
2%
Sami Swoi Sławomir Grzywa
2%
Normalny Kraj Wiesław Lewicki
2%
bezpartyjny Wojciech Papis
2%
Nie znaleziono quizów pasujących do podanych kryteriów
Rozkład punktacji
Procent ludzi z każdym wynikiem
Percentyl według liczby udzielonych odpowiedzi
Twoja historia wyników
Nie rozwiązałeś tego quizu od ostatniego zresetowania